Представление документа в формате RUSMARC

ПолеНазваниеЗначение
  Тип записи a
  Библиографический уровень m
001 Контрольный номер RU/CBS_UL/BASE/cd60e16f9e1a404cbbb06403d4ca976f
005 Дата корректировки 20251030165031.5
010 Индекс ISBN __
d Цена 40 р. 00 к.
9 Тираж экз.
100 Данные общей обработки __
a Данные общей обработки 20251030d 0rusy0189## ca
101 Язык документа 0_
a Язык текста rus
102 Страна публикации __
a Страна публикации RU
200 Заглавие и сведения об ответственности 1_
a Заглавие Микроконверторы фирмы Analog Devices в микропроцессорных приборных комплексах
e Сведения, относящиеся к заглавию учебное пособие
f Первые сведения об ответственности П. П. Редькин, А. Б. Виноградов
210 Выходные данные 1_
a Место издания Ульяновск
c Издательство УлГТУ
d Дата издания 2005
215 Физическое описание __
a Объем 314 с.
d Формат см.
300 Общие примечания __
a Общие примечания Под инв. номером 113746: 2-1
300 Общие примечания __
a Общие примечания 16+
606 Тематические рубрики 0_
a Основная рубрика Вычислительные машины электронные - Учебные пособия для вузов
610 Ключевые слова 0_
a Ключевые слова микроконверторы; микропроцессоры; микроконтроллеры; интеллектуальные датчики; преобразователи аналого-цифровые
686 Индексы других классификаций __
2 Код системы rubbk
a Классификационный индекс 32.973.26я73
700 Автор _1
a Фамилия Редькин
b Имя (инициалы) П. П.
g Полное личное имя Павел Павлович
701 Альтернативная интеллектуальная ответственность _1
a Фамилия Виноградов
b Имя (инициалы) А. Б.
801 Источник записи _0
a Страна RU
b Организация МБУК ЦБС г. Ульяновска
c Дата составления 20251030
g Правила каталогизации RCR
801 Источник записи _1
a Страна RU
b Организация МБУК ЦБС г. Ульяновска
c Дата составления 20251030
g Правила каталогизации RCR
852 Данные о местонахождении __
i Авторский знак Р 33
j Шифр хранения 32.973.26
901 Тип документа __
t Тип документа m
909 Создатель записи __
a Создатель записи obr2
b Дата создания записи 20251030